[Event "12th Asrian Memorial 2019"]
[Site "Yerevan"]
[Date "2019.06.18"]
[Round "8.11"]
[White "Gevorgyan, Maria"]
[Black "Gholami Orimi, Mahdi"]
[Result "0-1"]
[WhiteElo "2293"]
[BlackElo "2445"]
[Annotator "NA"]
[PlyCount "82"]
[EventDate "2019.06.11"]
[EventType "swiss"]
[EventCountry "ARM"]
[SourceTitle "playchess.com"]
[Source "ChessBase"]
[SourceQuality "1"]
[TimeControl "40/5400+30:1800+30"]

1. e4 {[%emt 0:00:00]} e5 {[%emt 0:00:00]} 2. Nf3 {[%emt 0:00:00]} Nc6 {[%emt 0:00:00]} 3. Bc4 {[%emt 0:00:00]} Bc5 {[%emt 0:00:00]} 4. b4 {[%emt 0:00:00]} Bxb4 {[%emt 0:00:00]} 5. c3 {[%emt 0:00:00]} Bd6 {[%emt 0:00:27]} 6. d4 {[%emt 0:01:12]} Nf6 {[%emt 0:00:12]} 7. O-O {[%emt 0:00:48]} O-O {[%emt 0:00:46]} 8. Re1 {[%emt 0:00:52]} h6 {[%emt 0:02:22]} 9. Bd3 {[%emt 0:12:09]} Re8 {[%emt 0:04:55]} 10. Nbd2 {[%emt 0:02:27]} exd4 {[%emt 0:17:44]} 11. cxd4 {[%emt 0:00:44]} Bf8 {[%emt 0:01:31]} 12. e5 {[%emt 0:06:29]} Nd5 {[%emt 0:00:41]} 13. Qb3 {[%emt 0:01:46]} Nf4 {[%emt 0:01:35]} 14. Bc4 {[%emt 0:00:59]} d5 {[%emt 0:03:33]} 15. exd6 {[%emt 0:02:25]} Rxe1+ {[%emt 0:01:46]} 16. Nxe1 {[%emt 0:00:04]} Nxd4 {[%emt 0:00:44]} 17. Bxf7+ {[%emt 0:06:00]} Kh8 {[%emt 0:00:14]} 18. Qe3 {[%emt 0:01:29]} Bxd6 {[%emt 0:13:54]} 19. Nc4 {[%emt 0:23:01]} Nfe2+ {[%emt 0:02:06]} 20. Kf1 {[%emt 0:12:30]} Bf4 {[%emt 0:00:59]} 21. Qa3 {[%emt 0:00:13]} Nxc1 {[%emt 0:04:06]} 22. Rxc1 {[%emt 0:00:21]} Bxc1 {[%emt 0:01:12]} 23. Qxc1 {[%emt 0:00:02]} Qe7 {[%emt 0:04:04]} 24. Qd2 {[%emt 0:06:41]} c5 {[%emt 0:02:17]} 25. Bh5 {[%emt 0:00:34]} Qh4 {[%emt 0:04:20]} 26. Bf7 {[%emt 0:00:26]} Qf6 {[%emt 0:03:11]} 27. Bh5 {[%emt 0:01:37]} Qa6 {[%emt 0:01:49]} 28. Bf7 {[%emt 0:01:41]} Be6 {[%emt 0:02:08]} 29. Bxe6 {[%emt 0:00:04]} Nxe6 {[%emt 0:00:06]} 30. Qc1 {[%emt 0:01:27]} Qxa2 {[%emt 0:01:59]} 31. Ne5 {[%emt 0:01:15]} Nd4 {[%emt 0:01:46]} 32. Qe3 {[%emt 0:04:50]} Kg8 {[%emt 0:01:29]} 33. f4 {[%emt 0:04:48]} Re8 {[%emt 0:01:32]} 34. Qe4 {[%emt 0:02:19]} Nc6 {[%emt 0:00:46]} 35. N1f3 {[%emt 0:01:02]} Nxe5 {[%emt 0:00:18]} 36. Nxe5 {[%emt 0:00:04]} Rd8 {[%emt 0:00:18]} 37. Ke1 {[%emt 0:06:09]} Qd2+ {[%emt 0:00:32]} 38. Kf1 {[%emt 0:00:07]} Qd1+ {[%emt 0:00:10]} 39. Kf2 {[%emt 0:00:05]} Qd4+ {[%emt 0:00:04]} 40. Kf3 {[%emt 0:00:00]} Qxe4+ {[%emt 0:00:00]} 41. Kxe4 {[%emt 0:00:17]} a5 {[%emt 0:00:26]} 0-1

[Event "12th Asrian Memorial 2019"]
[Site "Yerevan"]
[Date "2019.06.18"]
[Round "8.12"]
[White "Sargsyan, Tigran R."]
[Black "Yeremyan, Alen"]
[Result "1/2-1/2"]
[WhiteElo "2367"]
[BlackElo "2128"]
[Annotator "NA"]
[PlyCount "107"]
[EventDate "2019.06.11"]
[EventType "swiss"]
[EventCountry "ARM"]
[SourceTitle "playchess.com"]
[Source "ChessBase"]
[SourceQuality "1"]
[TimeControl "40/5400+30:1800+30"]

1. d4 {[%emt 0:00:00]} Nf6 {[%emt 0:00:00]} 2. c4 {[%emt 0:00:00]} g6 {[%emt 0:00:00]} 3. Nc3 {[%emt 0:00:00]} Bg7 {[%emt 0:00:01]} 4. e4 {[%emt 0:00:00]} d6 {[%emt 0:00:03]} 5. Nf3 {[%emt 0:00:00]} O-O {[%emt 0:00:19]} 6. Be2 {[%emt 0:00:11]} e5 {[%emt 0:00:33]} 7. d5 {[%emt 0:00:15]} a5 {[%emt 0:01:26]} 8. h3 {[%emt 0:00:47]} Na6 {[%emt 0:01:08]} 9. Bg5 {[%emt 0:02:57]} h6 {[%emt 0:01:18]} 10. Be3 {[%emt 0:00:58]} Nc5 {[%emt 0:05:26]} 11. Nd2 {[%emt 0:01:05]} Bd7 {[%emt 0:01:15]} 12. Qc2 {[%emt 0:02:03]} a4 {[%emt 0:02:34]} 13. g4 {[%emt 0:07:56]} Ne8 {[%emt 0:02:05]} 14. h4 {[%emt 0:05:18]} c6 {[%emt 0:06:42]} 15. h5 {[%emt 0:03:22]} g5 {[%emt 0:03:53]} 16. Bxc5 {[%emt 0:08:16]} dxc5 {[%emt 0:00:01]} 17. Nxa4 {[%emt 0:01:52]} cxd5 {[%emt 0:03:35]} 18. Nxc5 {[%emt 0:00:38]} dxe4 {[%emt 0:08:38]} 19. Nxd7 {[%emt 0:03:03]} Qxd7 {[%emt 0:00:02]} 20. Nxe4 {[%emt 0:01:14]} f5 {[%emt 0:03:26]} 21. gxf5 {[%emt 0:02:06]} Qxf5 {[%emt 0:00:53]} 22. c5 {[%emt 0:04:27]} Kh8 {[%emt 0:04:27]} 23. Bd3 {[%emt 0:17:34]} Qf4 {[%emt 0:05:17]} 24. Qe2 {[%emt 0:04:54]} Nf6 {[%emt 0:03:58]} 25. Nxf6 {[%emt 0:19:56]} Rxf6 {[%emt 0:02:51]} 26. O-O {[%emt 0:06:06]} Ra4 {[%emt 0:01:31]} 27. f3 {[%emt 0:02:03]} Qh4 {[%emt 0:03:51]} 28. Be4 {[%emt 0:00:49]} Qf4 {[%emt 0:10:02]} 29. b3 {[%emt 0:01:12]} Rd4 {[%emt 0:01:13]} 30. Rad1 {[%emt 0:02:38]} Rf8 {[%emt 0:00:45]} 31. Rxd4 {[%emt 0:00:48]} exd4 {[%emt 0:00:02]} 32. Bd3 {[%emt 0:01:12]} Be5 {[%emt 0:02:38]} 33. Rf2 {[%emt 0:00:38]} Qe3 {[%emt 0:08:41]} 34. Kg2 {[%emt 0:00:38]} Rd8 {[%emt 0:00:46]} 35. Bc2 {[%emt 0:00:57]} Kg7 {[%emt 0:03:03]} 36. Qd3 {[%emt 0:00:14]} Qxd3 {[%emt 0:00:53]} 37. Bxd3 {[%emt 0:00:00]} Kf6 {[%emt 0:00:15]} 38. Rc2 {[%emt 0:00:23]} Bf4 {[%emt 0:01:53]} 39. a4 {[%emt 0:00:58]} Re8 {[%emt 0:00:29]} 40. Be4 {[%emt 0:00:00]} g4 {[%emt 0:00:00]} 41. Rc4 {[%emt 0:08:46]} Be3 {[%emt 0:11:58]} 42. Bxb7 {[%emt 0:16:20]} gxf3+ {[%emt 0:05:20]} 43. Bxf3 {[%emt 0:02:20]} Ke5 {[%emt 0:00:04]} 44. c6 {[%emt 0:00:54]} Kd6 {[%emt 0:01:03]} 45. b4 {[%emt 0:01:43]} Rg8+ {[%emt 0:00:09]} 46. Kf1 {[%emt 0:00:17]} d3 {[%emt 0:00:58]} 47. Rg4 {[%emt 0:04:26]} Rxg4 {[%emt 0:00:30]} 48. Bxg4 {[%emt 0:00:01]} Kxc6 {[%emt 0:00:08]} 49. Bf5 {[%emt 0:01:23]} Bd2 {[%emt 0:03:12]} 50. b5+ {[%emt 0:00:14]} Kb6 {[%emt 0:00:05]} 51. Bxd3 {[%emt 0:00:02]} Bb4 {[%emt 0:00:14]} 52. Ke2 {[%emt 0:00:07]} Bc3 {[%emt 0:00:18]} 53. Ke3 {[%emt 0:00:10]} Bb4 {[%emt 0:00:15]} 54. Ke4 1/2-1/2

[Event "12th Asrian Memorial 2019"]
[Site "Yerevan"]
[Date "2019.06.18"]
[Round "8.13"]
[White "Baghdasaryan, Vahe"]
[Black "Aleksanyan, Davit"]
[Result "1-0"]
[WhiteElo "2357"]
[BlackElo "1626"]
[Annotator "NA"]
[PlyCount "59"]
[EventDate "2019.06.11"]
[EventType "swiss"]
[EventCountry "ARM"]
[SourceTitle "playchess.com"]
[Source "ChessBase"]
[SourceQuality "1"]
[TimeControl "40/5400+30:1800+30"]

1. e4 {[%emt 0:02:42]} e5 {[%emt 0:00:00]} 2. Nf3 {[%emt 0:00:11]} Nc6 {[%emt 0:00:00]} 3. Bc4 {[%emt 0:00:45]} Nf6 {[%emt 0:00:00]} 4. d3 {[%emt 0:00:06]} Bc5 {[%emt 0:00:02]} 5. O-O {[%emt 0:00:06]} O-O {[%emt 0:00:07]} 6. c3 {[%emt 0:00:10]} d6 {[%emt 0:00:28]} 7. Nbd2 {[%emt 0:00:33]} Ne7 {[%emt 0:03:34]} 8. d4 {[%emt 0:04:18]} exd4 {[%emt 0:00:33]} 9. cxd4 {[%emt 0:00:07]} Bb6 {[%emt 0:00:04]} 10. Bd3 {[%emt 0:01:45]} a6 {[%emt 0:03:48]} 11. Nc4 {[%emt 0:21:31]} Ba7 {[%emt 0:00:40]} 12. Bg5 {[%emt 0:00:16]} Ne8 {[%emt 0:00:39]} 13. h3 {[%emt 0:05:37]} f6 {[%emt 0:00:48]} 14. Bf4 {[%emt 0:01:01]} Be6 {[%emt 0:05:12]} 15. Qc2 {[%emt 0:04:57]} b5 {[%emt 0:05:13]} 16. Ne3 {[%emt 0:02:02]} c5 {[%emt 0:05:50]} 17. dxc5 {[%emt 0:01:21]} dxc5 {[%emt 0:00:05]} 18. Rad1 {[%emt 0:00:19]} Qc8 {[%emt 0:01:44]} 19. Nd5 {[%emt 0:01:08]} Ng6 {[%emt 0:01:58]} 20. Nh4 {[%emt 0:00:39]} Rf7 {[%emt 0:03:02]} 21. Nxg6 {[%emt 0:00:31]} hxg6 {[%emt 0:00:37]} 22. b3 {[%emt 0:02:19]} Qc6 {[%emt 0:05:28]} 23. Bg3 {[%emt 0:05:19]} Bb8 {[%emt 0:01:01]} 24. Bxb8 {[%emt 0:00:32]} Rxb8 {[%emt 0:00:06]} 25. Nf4 {[%emt 0:00:04]} Rc7 {[%emt 0:05:29]} 26. e5 {[%emt 0:00:50]} f5 {[%emt 0:10:46]} 27. Nxg6 {[%emt 0:06:47]} Rf7 {[%emt 0:00:09]} 28. Qe2 {[%emt 0:01:01]} Ra7 {[%emt 0:04:59]} 29. Qh5 {[%emt 0:01:33]} Qc8 {[%emt 0:00:08]} 30. g4 {[%emt 0:00:29]} 1-0

[Event "12th Asrian Memorial 2019"]
[Site "Yerevan"]
[Date "2019.06.19"]
[Round "9.1"]
[White "Hayrapetyan, Hovik"]
[Black "Sargsyan, Shant"]
[Result "1/2-1/2"]
[WhiteElo "2449"]
[BlackElo "2512"]
[Annotator "TA"]
[PlyCount "39"]
[EventDate "2019.06.11"]
[EventType "swiss"]
[EventCountry "ARM"]
[SourceTitle "playchess.com"]
[Source "ChessBase"]
[SourceQuality "1"]

{[%evp 12,39,21,22,22,25,31,24,25,27,32,32,38,27,33,35,26,38,60,27,26,21,52,47,36,34,45,12,52,43]} 1. Nf3 Nf6 2. d4 g6 3. g3 Bg7 4. Bg2 O-O 5. O-O d5 6. c4 Nc6 7. Nbd2 e6 {D02: 1 d4 d5 2 Nf3 sidelines, including 2...Nf6 3 g3 and 2...Nf6 3 Bf4} (7... a5 8. b3 a4 9. bxa4 dxc4 10. Nxc4 Be6 11. Nce5 Nxe5 12. Nxe5 c6 13. Rb1 Ra7 14. Ba3 Bxa2 15. Rb2 {1-0 (25) Cheparinov,I (2709)-Salgado Lopez,I (2629) Skopje 2018}) 8. e3 b6 9. b3 Bb7 {White has an edge.} 10. Bb2 a5 11. a3 $146 ({Predecessor:} 11. Rc1 Re8 12. a3 Rb8 13. Qc2 Bf8 14. Rfe1 Bh6 15. c5 {0-1 (54) Lukac,S (1950)-Deak,G (1915) Bratislava 1995}) 11... Ne4 12. Qc2 f5 13. Rac1 Rf7 14. Rfd1 Qd6 15. Ne5 Nxe5 16. dxe5 Qe7 17. f4 Nxd2 18. Rxd2 {[%cal Rc4d5]} c6 19. Bd4 Qd8 20. cxd5 {Accuracy: White = 71%, Black = 63%.} 1/2-1/2

[Event "12th Asrian Memorial 2019"]
[Site "Yerevan"]
[Date "2019.06.19"]
[Round "9.2"]
[White "Onischuk, Vladimir"]
[Black "Chibukhchian, Artur"]
[Result "1/2-1/2"]
[WhiteElo "2630"]
[BlackElo "2374"]
[Annotator "TA"]
[PlyCount "49"]
[EventDate "2019.06.11"]
[EventType "swiss"]
[EventCountry "ARM"]
[SourceTitle "playchess.com"]
[Source "ChessBase"]
[SourceQuality "1"]

{[%evp 10,49,8,0,0,0,0,0,0,0,26,0,29,29,29,31,64,44,56,31,38,38,35,21,20,18,19,27,45,10,32,25,29,26,41,12,44,0,0,0,20,0]} 1. e4 c5 2. Ne2 Nf6 3. Nbc3 d5 4. exd5 Nxd5 5. Nxd5 Qxd5 6. Nc3 Qd8 {B20: Sicilian: Unusual White 2nd moves} 7. g3 g6 (7... Bd7 8. d4 cxd4 9. Qxd4 Nc6 10. Qe4 f5 11. Qc4 Ne5 12. Qd5 {1-0 (49) Hou,Y (2629)-Ju,W (2532) Lopota 2014}) 8. Bg2 Bg7 9. O-O O-O 10. Re1 $146 ({Predecessor:} 10. d3 Nc6 11. Bg5 Qd7 12. Re1 {0-1 (40) Mamani,J (2187)-Ruiz Castillo,J (2409) Bogota 2013}) 10... Nd7 11. d3 Re8 12. Be3 Bd4 13. Qc1 Nf6 14. Nb5 Bxe3 15. Qxe3 Qb6 16. c4 {With the idea b4!} a6 17. Nc3 $1 Bd7 18. Rab1 a5 19. a3 a4 20. Re2 Bc6 21. Rbe1 Rad8 22. h3 Rd7 23. Bf1 Red8 24. Rd2 Nh5 25. Bg2 {Accuracy: White = 58%, Black = 54%.} 1/2-1/2

[Event "12th Asrian Memorial 2019"]
[Site "Yerevan"]
[Date "2019.06.19"]
[Round "9.3"]
[White "Shahinyan, David"]
[Black "Vardanian, Haik G."]
[Result "1/2-1/2"]
[WhiteElo "2429"]
[BlackElo "2357"]
[Annotator "NA"]
[PlyCount "106"]
[EventDate "2019.06.11"]
[EventType "swiss"]
[EventCountry "ARM"]
[SourceTitle "playchess.com"]
[Source "ChessBase"]
[SourceQuality "1"]
[TimeControl "40/5400+30:1800+30"]

1. e4 {[%emt 0:00:04]} c5 {[%emt 0:00:09]} 2. Nc3 {[%emt 0:00:18]} e6 {[%emt 0:00:14]} 3. g3 {[%emt 0:01:12]} d5 {[%emt 0:00:08]} 4. d3 {[%emt 0:05:36]} Nc6 {[%emt 0:00:14]} 5. Bg2 {[%emt 0:00:19]} d4 {[%emt 0:00:05]} 6. Nce2 {[%emt 0:00:48]} e5 {[%emt 0:00:16]} 7. f4 {[%emt 0:00:36]} Bd6 {[%emt 0:00:11]} 8. Nf3 {[%emt 0:00:23]} h5 {[%emt 0:01:31]} 9. h3 {[%emt 0:01:55]} h4 {[%emt 0:00:57]} 10. g4 {[%emt 0:01:33]} exf4 {[%emt 0:00:31]} 11. Bxf4 {[%emt 0:01:34]} Qc7 {[%emt 0:03:37]} 12. Qd2 {[%emt 0:03:57]} Be6 {[%emt 0:03:45]} 13. Bxd6 {[%emt 0:15:22]} Qxd6 {[%emt 0:00:14]} 14. c3 {[%emt 0:01:20]} Nge7 {[%emt 0:02:19]} 15. cxd4 {[%emt 0:02:11]} cxd4 {[%emt 0:00:53]} 16. O-O {[%emt 0:01:44]} Ng6 {[%emt 0:02:34]} 17. a3 {[%emt 0:06:13]} O-O-O {[%emt 0:05:04]} 18. Rac1 {[%emt 0:01:35]} Kb8 {[%emt 0:00:48]} 19. b4 {[%emt 0:12:26]} Nge5 {[%emt 0:04:37]} 20. Ne1 {[%emt 0:02:07]} f6 {[%emt 0:13:51]} 21. Nc2 {[%emt 0:05:06]} Bb3 {[%emt 0:05:34]} 22. b5 {[%emt 0:03:00]} Ne7 {[%emt 0:02:31]} 23. Ncxd4 {[%emt 0:00:34]} Bf7 {[%emt 0:08:08]} 24. a4 {[%emt 0:06:42]} Rd7 {[%emt 0:03:16]} 25. Rfd1 {[%emt 0:01:39]} Rhd8 {[%emt 0:01:23]} 26. Kh1 {[%emt 0:02:33]} g5 {[%emt 0:01:57]} 27. a5 {[%emt 0:01:01]} N7g6 {[%emt 0:02:21]} 28. Qb2 {[%emt 0:03:14]} Rc7 {[%emt 0:09:13]} 29. Rxc7 {[%emt 0:02:55]} Qxc7 {[%emt 0:00:13]} 30. Rc1 {[%emt 0:01:28]} Qe7 {[%emt 0:04:34]} 31. Qc3 {[%emt 0:04:12]} Qd7 {[%emt 0:06:58]} 32. b6 {[%emt 0:00:11]} axb6 {[%emt 0:00:50]} 33. axb6 {[%emt 0:00:02]} Rc8 {[%emt 0:00:39]} 34. Qa1 {[%emt 0:00:49]} Rxc1+ {[%emt 0:00:09]} 35. Nxc1 {[%emt 0:00:04]} Nc6 {[%emt 0:03:17]} 36. Nb5 {[%emt 0:00:41]} Qd8 {[%emt 0:00:53]} 37. Nc7 {[%emt 0:00:13]} Kc8 {[%emt 0:00:26]} 38. Qa8+ {[%emt 0:00:22]} Kd7 {[%emt 0:02:40]} 39. Qxb7 {[%emt 0:00:27]} Qc8 {[%emt 0:00:35]} 40. Qxc8+ {[%emt 0:00:00]} Kxc8 {[%emt 0:00:00]} 41. Nb5 {[%emt 0:00:24]} Nd8 {[%emt 0:02:50]} 42. Nd6+ {[%emt 0:06:21]} Kd7 {[%emt 0:00:40]} 43. Nxf7 {[%emt 0:00:46]} Nxf7 {[%emt 0:00:05]} 44. Nb3 {[%emt 0:00:05]} Kc6 {[%emt 0:05:16]} 45. Nc5 {[%emt 0:01:11]} Kxb6 {[%emt 0:07:56]} 46. Nd7+ {[%emt 0:01:13]} Kc6 {[%emt 0:01:04]} 47. Nxf6 {[%emt 0:00:43]} Kc5 {[%emt 0:00:19]} 48. Bf1 {[%emt 0:19:33]} Kd4 {[%emt 0:01:04]} 49. Nd5 {[%emt 0:00:24]} Nge5 {[%emt 0:07:40]} 50. Nb4 {[%emt 0:01:00]} Kc3 {[%emt 0:02:11]} 51. Na2+ {[%emt 0:01:04]} Kd4 {[%emt 0:01:33]} 52. Nb4 {[%emt 0:01:30]} Kc3 {[%emt 0:00:11]} 53. Nd5+ {[%emt 0:02:24]} Kd4 {[%emt 0:00:07]} 1/2-1/2

[Event "12th Asrian Memorial 2019"]
[Site "Yerevan"]
[Date "2019.06.19"]
[Round "9.4"]
[White "Martirosyan, Haik M."]
[Black "Baghdasaryan, Vahe"]
[Result "0-1"]
[WhiteElo "2635"]
[BlackElo "2357"]
[Annotator "TA"]
[PlyCount "120"]
[EventDate "2019.06.11"]
[EventType "swiss"]
[EventCountry "ARM"]
[SourceTitle "playchess.com"]
[Source "ChessBase"]
[SourceQuality "1"]

{[%evp 11,120,-9,0,-60,-20,-20,-19,-20,-20,-12,-14,-17,-18,-29,0,0,0,0,9,0,0,0,0,0,0,0,0,0,0,0,43,59,49,0,0,-209,-167,-214,-220,-209,-217,-195,-146,-162,-42,-68,-45,-47,-37,-45,-40,-37,-39,-116,-45,-46,-48,-47,-54,-175,-130,-178,0,0,0,-141,-160,-208,-196,-437,-435,-435,-428,-416,-416,-404,-407,-475,-455,-463,-452,-477,-444,-512,-490,-487,-496,-542,-539,-522,-512,-628,-617,-748,-748,-763,-766,-747,-743,-690,-612,-1538,-1379,-1452,-1168,-2362,-2068,-5189,-4709,-2968,-2508]} 1. Nf3 c5 2. e4 d6 3. Bb5+ Nc6 4. d4 cxd4 5. Qxd4 Bd7 6. Bxc6 Bxc6 7. Bg5 {B53: Sicilian: 2...d6: Lines with Qxd4} (7. Nc3 $11) (7. Nc3 Nf6 8. Bg5 e6 9. O-O-O Be7 10. Qd3 Qa5 11. h4 h6 12. Bxf6 gxf6 13. Nd4 a6 14. f4 Bd7 15. Kb1 O-O-O 16. g4 Kb8 17. f5 Rc8 18. Nce2 Rhg8 19. Rhg1 Qe5 {½-½ (72) Sokolin,L (2508)-Le,Q (2714) St Petersburg 2018}) 7... e5 {[#] ...Qxg5 is the strong threat.} 8. Bxd8 exd4 9. Bh4 {The position is equal.} Bxe4 10. Nxd4 Bxg2 11. Rg1 Bc6 12. Nc3 Be7 $146 ({Predecessor:} 12... Kd7 13. Kd2 g6 14. Rae1 Bh6+ {0-1 (33) Ross,J (800)-Saint Amour,P (2008) IECG email 1998}) 13. Bg3 O-O-O 14. O-O-O g6 15. Rge1 a6 16. Rd3 h5 17. h4 Bf8 18. Nxc6 bxc6 19. Ne4 {[%cal Re4d6]} Nh6 $1 20. Ng5 f6 21. Ne6 {[%mdl 1024] White has compensation.} Re8 22. Rc3 c5 {White should prevent ...Nf5.} 23. Re4 $2 (23. Kd1 $11) 23... Nf5 $19 24. Bf4 Kd7 25. Nxf8+ Rhxf8 ({Don't do} 25... Rexf8 26. Ra4 $17) 26. Ra4 Re2 ({But not} 26... Nxh4 27. Rd3 $17) 27. Rxa6 Rxf2 (27... Rfe8 $19 28. Be3 Nxe3 29. Ra7+ Kc6 30. fxe3 R8xe3 31. Rxe3 Rxe3) 28. Bxd6 $1 $15 Re8 {[%cal Re8e1]} (28... Nxd6 $5 29. Rd3 $8 Ke7 30. Rdxd6 g5 $11) 29. b4 Nxd6 30. Rd3 $1 cxb4 31. Rdxd6+ {[%mdl 4096] Endgame KRR-KRR} Ke7 {Threatens to win with ...Rc8.} 32. Rdc6 ({Better is} 32. Rdb6 $1 $15) 32... Rd8 (32... Kf7 $17 33. Rc4 Re7 34. Rxb4 Rc7) 33. Kb2 Rf4 34. Kb3 Rd1 35. Rc7+ (35. c3 $15) 35... Rd7 $19 36. Rcc6 Rd1 37. Rc7+ Rd7 38. Rcc6 $1 Rb7 39. Rc8 {With the idea Rh8.} Kf7 ({Worse is} 39... Rxh4 {[#]} 40. Rh8 $1 $11 {[%mdl 512]}) 40. Rh8 $2 (40. Rc4 {is a better defense.} Rxc4 41. Kxc4) 40... Kg7 41. Raa8 Rxh4 42. Rag8+ Kf7 43. Ra8 {aiming for Rh7+.} Ke6 44. Ra6+ Kf5 {Black is clearly winning.} 45. Rf8 Rh3+ 46. Kb2 g5 47. Rfxf6+ Kg4 48. Ra5 {intending Rg6.} Rg7 49. Rb6 Rf3 50. Rxb4+ Rf4 51. Rb8 h4 52. Rh8 Kg3 53. Rd5 g4 54. a4 h3 55. a5 Kg2 56. a6 g3 57. Ra5 Rff7 58. Rd8 h2 59. Rd2+ Rf2 60. Rd1 Rf1 {Accuracy: White = 44%, Black = 67%.} 0-1

[Event "12th Asrian Memorial 2019"]
[Site "Yerevan"]
[Date "2019.06.19"]
[Round "9.5"]
[White "Petrosian, Tigran L."]
[Black "Kotanjian, Tigran"]
[Result "1-0"]
[WhiteElo "2612"]
[BlackElo "2462"]
[Annotator "TA"]
[PlyCount "63"]
[EventDate "2019.06.11"]
[EventType "swiss"]
[EventCountry "ARM"]
[SourceTitle "playchess.com"]
[Source "ChessBase"]
[SourceQuality "1"]

{[%evp 15,63,0,0,-2,14,7,24,26,20,10,34,19,14,15,22,0,60,51,62,51,56,0,25,0,0,-10,-8,0,0,5,69,50,55,66,44,32,161,172,194,185,242,187,539,522,630,639,865,843,29991,29992]} 1. Nf3 Nf6 2. g3 c5 3. Bg2 Nc6 4. c4 d5 5. cxd5 Nxd5 6. Nc3 Nc7 7. a3 e5 8. b4 {[%cal Bb2b4,Bb4b5][%mdl 32]} f6 9. b5 {A34: Symmetrical English: 2 Nc3, lines with ...d5} (9. Rb1 Rb8 10. b5 Na5 11. O-O Be7 12. Ne1 O-O 13. f4 exf4 14. Rxf4 b6 15. e3 f5 16. Qc2 Be6 {1-0 (38) Kriebel,T (2501)-Antal,G (2529) Germany 2017}) 9... Na5 $146 ({Predecessor:} 9... Nd4 10. Rb1 Be7 11. d3 O-O 12. Nd2 Rb8 13. Nc4 Be6 14. b6 axb6 15. Nxb6 Qe8 16. O-O Qf7 {0-1 (61) Trubchaninov,T (2263)-Kuporosov,V (2392) Moscow 2017}) 10. d3 Be6 11. Nd2 {White has an edge.} Rc8 12. O-O Be7 13. b6 axb6 14. Rb1 $1 Na8 15. Qa4+ Kf7 (15... Nc6 $11) 16. Nc4 $14 Nc6 17. Be3 h5 18. Qb5 ({White should try} 18. f4 $14) 18... Nd4 19. Bxd4 cxd4 20. Ne4 Bxc4 21. dxc4 f5 22. Nd2 Bc5 (22... Rc5 $11 23. Bd5+ Kf8) 23. Bxb7 Nc7 24. Qa4 Rb8 25. Nb3 $1 Qd6 (25... Ne6 $14 26. Bd5 Ke7) 26. Nxc5 $18 Qxc5 {[#]} 27. Qa7 $1 (27. Qd7+ Kg6 $11) 27... Rhd8 (27... Ke7 $142 28. a4 (28. Rxb6 Rh6 $16) (28. Qxb6 Qxb6 29. Rxb6 Na6 $16) 28... Qa5 29. Qxb6 Qxb6 30. Rxb6 Ne6) 28. Rxb6 {Rf6+! is the strong threat.} Ke7 $2 (28... Kg8 29. Bd5+ Nxd5 30. Rxb8 {[%mdl 64] Discovered Attack} Qxa7 31. Rxd8+ Kf7 32. Rxd5 (32. cxd5 e4 $14) 32... Qxa3 33. Rxe5 Kf6) 29. Rfb1 Rd6 30. Bc6 ({Less strong is} 30. Qxb8 Rxb6 31. Rb4 Ne6 $16) 30... Rc8 31. Qb7 Kd8 32. Qxc8+ {[%mdl 64] Double Attack. Accuracy: White = 71%, Black = 27%.} 1-0

[Event "12th Asrian Memorial 2019"]
[Site "Yerevan"]
[Date "2019.06.19"]
[Round "9.6"]
[White "Mikaelyan, Arman"]
[Black "Andriasian, Zaven"]
[Result "1/2-1/2"]
[WhiteElo "2453"]
[BlackElo "2600"]
[Annotator "RC"]
[PlyCount "34"]
[EventDate "2019.06.11"]
[EventType "swiss"]
[EventCountry "ARM"]
[SourceTitle "playchess.com"]
[Source "ChessBase"]
[SourceQuality "1"]
[TimeControl "40/5400+30:1800+30"]

1. d4 {[%emt 0:02:51]} Nf6 {[%emt 0:00:00]} 2. c4 {[%emt 0:00:41]} g6 {[%emt 0:00:25]} 3. Nc3 {[%emt 0:01:35]} Bg7 {[%emt 0:00:08]} 4. e4 {[%emt 0:00:21]} d6 {[%emt 0:01:34]} 5. Be2 {[%emt 0:00:10]} O-O {[%emt 0:03:21]} 6. Bg5 {[%emt 0:00:58]} c5 {[%emt 0:01:35]} 7. d5 {[%emt 0:00:44]} e6 {[%emt 0:01:08]} 8. Qd2 {[%emt 0:00:32]} exd5 {[%emt 0:01:19]} 9. exd5 {[%emt 0:00:31]} Re8 {[%emt 0:01:39]} 10. Nf3 {[%emt 0:01:42]} Bg4 {[%emt 0:04:42]} 11. O-O {[%emt 0:00:58]} Nbd7 {[%emt 0:02:53]} 12. h3 {[%emt 0:02:28]} Bxf3 {[%emt 0:01:02]} 13. Bxf3 {[%emt 0:00:04]} a6 {[%emt 0:01:06]} 14. Qc2 {[%emt 0:23:31]} Rb8 {[%emt 0:11:00]} 15. a4 {[%emt 0:01:20]} Qb6 {[%emt 0:01:36]} 16. Bd2 {[%emt 0:04:31]} Re7 {[%emt 0:02:26]} 17. Rfe1 {[%emt 0:02:54]} Ne5 {[%emt 0:09:51]} 1/2-1/2